Datum a čas kvízu
41
Celkem bodů
Celkový počet nahraných bodů na tomto kvízu bez doplňovacích otázek.
2.
Pořadí na kvízu
Konečné umístění týmu na tomto kvízu.
Zaznamenané odpovědi
| # | Otázka | Odpověď | Body | Výsledky |
|---|---|---|---|---|
| 1. | Starosta jedné městské části T... | v Brně | 1 | |
| 2. | Ve čtvrtek jsme se dozvěděli,... | Katy Perry | 1 | |
| 3. | Jak se nazývá film, který v no... | Anora | 1 | |
| 4. | Jak se nazývá nová platforma,... | Oneplay | 1 | |
| 5. | Jeden známý fotbalista dostal... | Lionel Messi | 1 | |
| 6. | Jak zní oficiální anglický náz... | Montenegro | 1 | |
| 7. | Na okraji obce ve Zlínském kra... | Modrá | 1 | |
| 8. | Která známá historická osobnos... | Adolf Hitler | 1 | |
| 9. | Jak se jmenuje prales na hrani... | Bělověžský prales | 1 | |
| 10. | Jak se nazývá německé pohoří,... | Černý les (Schwarzwald) | 0 |